1534 1991 1924 1248 1495 1936 1081 1364 1356 1015 1061 1241 1563 1802 1930 1897 1737 1980 1596 1754 1369 1322 1162 1991 1927 1803 1742 1596 1336 1709 1675 1730 1493 1072 1936 1178 1516 1756 1186 1198 1753 1100 1044 1799 1094 1646 1114 1181 1084 1696 1080 1325 1374 1275 1827 1673 1474 1074 1470 1899 1381 1333 1921 1102 1768 1024 1673 1445 1431 1608 1194 1837 1054 1186 1785 1088 1630 1662 1936 1555 1562 1552 1930 1282 1719 1618 1170 1582 1366 1749 1853 1316 1258 1032 1742 1898 1167 1539 1447 BCNSPRNW ULIB Ver.6.0+V

เปลี่ยนเป็นภาษาไทย

Change to English
 แสดงรายละเอียดบรรณานุกรม
  กลับหน้าหลัก

Brief Record : Get Marc (ISO 2709) : E-mail record : QR code < ปิดหน้าต่าง
LEADER : 00000nam 2200000uu 4500
001    13399121919
003     ULIB
008    121213s2549||||th 000 0 tha d
020    ^a9749508564
020    ^a9789749508565
060 04 ^aWM172^bป417ว 2549
100 0  ^aประเวศ วะสี
245 10 ^aวิธีคลายเครียด /^cโดยประเวศ วะสี
250    ^aพิมพ์ครั้งที่ 11
260    ^aกรุงเทพฯ :^bหมอชาวบ้าน,^c2549
300    ^a55 หน้า :^bภาพประกอบ ;^c21 ซม
650  7 ^aความเครียด (จิตวิทยา)
650  7 ^aสุขภาพจิต
945    ^p50^l0^i16512
995    ^aทศพร
999    ^aทศพร เกษรทอง
รายการนี้ยังไม่มีแท็ก
คุณยังไม่ได้ล็อกอิน คุณสามารถมีกิจกรรมร่วมกับเว็บไซต์ได้ แต่ต้องล็อกอินก่อน ::
  ล็อกอิน

รายการสื่อสารสนเทศ

ลำดับที่ ประเภท เลขเรียก/บาร์โค้ด สถานที่ สถานะ
1. วิทยาศาสตร์การแพทย์ และสุขภาพ
วิทยาศาสตร์การแพทย์ และสุขภาพ
WM172 ป417ว 2549 ฉ.1 
  Barcode: 16512
ห้องสมุดวิทยาเขตสวรรค์ประชารักษ์
►ส่วนจัดเก็บหนังสือเก่า สปร
บนชั้น
  ขอยืม

รายการใกล้เคียง
    ผู้แต่ง [ประเวศ วะสี]

    หัวเรื่อง [ความเครียด (จิตวิทยา)]
    หัวเรื่อง [สุขภาพจิต]

BibComment


ยังไม่เคยถูกคอมเมนท์

คอมเมนท์ทรัพยากรรายการนี้
  คอมเมนท์: วิธีคลายเครียด ..


 Copyright 2026. Bcnsprnw @Library